[Event "69th GRE-ch 2019"]
[Site "Thessaloniki"]
[Date "2019.11.25"]
[Round "6.1"]
[White "Giannoulakis, Lampros"]
[Black "Kourkoulos-Arditis, Stamatis"]
[Result "0-1"]
[WhiteElo "2227"]
[BlackElo "2457"]
[Annotator "TA"]
[PlyCount "126"]
[EventDate "2019.11.20"]
[EventType "tourn"]
[EventCountry "GRE"]
[SourceTitle "playchess.com"]
[Source "ChessBase"]
[SourceQuality "1"]

{[%evp 29,126,17,26,24,21,18,20,20,33,33,43,36,40,40,56,50,57,87,124,62,162,41,102,93,101,29,56,50,49,59,131,117,108,122,129,121,127,91,129,123,165,162,175,157,152,169,163,147,110,92,125,64,59,68,83,60,91,46,75,56,48,18,146,148,129,49,83,72,60,0,0,-68,-83,-258,-250,-344,-349,-560,-336,-464,-437,-545,-521,-538,-538,-533,-521,-1572,-1647,-1604,-1512,-1734,-1678,-1291,-1410,-2869,-2460,-29983,-29980]} 1. d4 Nf6 2. c4 g6 3. Nc3 Bg7 4. e4 d6 5. Nf3 O-O 6. Be2 e5 7. O-O Nc6 8. d5 Ne7 9. Ne1 Nd7 10. Be3 f5 11. f3 f4 12. Bf2 g5 13. Rc1 Ng6 14. c5 Nxc5 15. b4 Na6 $1 16. Nd3 {E99: King's Indian: Classical Main Line: 9 Ne1 Nd7 10 f3 f5} (16. Nb5 b6 17. Nd3 Rf7 18. Rc3 h5 19. h3 Bf6 20. Be1 Qd7 21. Nf2 Bd8 22. Qb3 Nb8 23. Bd2 a6 24. Na3 {0-1 (51) So,W (2778)-Grischuk,A (2766) Paris 2018}) 16... Rf7 17. Nb5 Bd7 18. a4 {The position is equal.} Bf8 19. Nxa7 h5 20. Nb5 Rg7 21. Kh1 Nh4 22. Rg1 g4 23. fxg4 $1 {[#]} Bxg4 $146 ({Predecessor:} 23... hxg4) 24. Rc4 ({White should play} 24. h3 $16 f3 25. gxf3 (25. hxg4 fxe2 26. Qe1 Rxg4 $11) 25... Bxh3 26. Kh2) 24... Kh8 (24... Be7 $14) 25. Ne1 (25. Nd4 $1 $18 {aiming for Bxg4.} exd4 26. Bxd4) 25... Qf6 (25... Be7 $1 $14) 26. Nf3 $16 Ng6 27. Qd3 (27. Qb1 $16) 27... c6 28. Nc3 c5 29. bxc5 dxc5 ({Black should try} 29... Nxc5 $14 30. Qd2 Qd8) 30. Nb5 b6 31. Ra1 Nb4 32. Qc3 Bd7 33. Ra3 Ra5 34. Qa1 Bxb5 35. axb5 Rga7 36. Rxa5 $1 Rxa5 37. Qd1 Rxb5 38. Rc3 Ra5 39. Nd2 {[%mdl 1024] White has strong compensation.} h4 40. Nc4 (40. Kg1 $16) 40... Ra2 $14 {next ...b5 is good for Black.} 41. Na3 Qg5 42. Bg1 $1 Be7 43. Bg4 Kg7 44. h3 Nf8 45. Nb5 Bd8 (45... Qg6 $11) 46. Nd6 $16 Nd7 47. Nf5+ (47. Rc1 $16) 47... Kf8 48. Qf1 Nf6 {[%mdl 64] Double Attack} 49. Bf3 (49. Qc4 $14) 49... Nfxd5 $1 $11 {[%mdl 64] Deflection} 50. exd5 (50. Rc1 $11) 50... Qxf5 $15 51. d6 $2 {[#]} (51. Rc4 $17) 51... e4 $1 $19 {[%cal Re4f3]} 52. Bg4 {[#]} Qe5 $1 {[%cal Re5c3]} 53. Rc1 $2 (53. Qc4) 53... Qxd6 54. Rd1 Nd3 55. Bf5 Qe5 56. Bxe4 Qxe4 57. Rxd3 Bf6 58. Rf3 Ra1 59. Qf2 Qe1 60. Kh2 Qxf2 61. Bxf2 Ke7 62. Rb3 Rf1 63. Rf3 Ke6 {Accuracy: White = 35%, Black = 56%.} 0-1

[Event "69th GRE-ch 2019"]
[Site "Thessaloniki"]
[Date "2019.11.25"]
[Round "6.2"]
[White "Megalios, Konstantinos"]
[Black "Mitsis, Georgios"]
[Result "1/2-1/2"]
[WhiteElo "2386"]
[BlackElo "2348"]
[Annotator "TA"]
[PlyCount "57"]
[EventDate "2019.11.20"]
[EventType "tourn"]
[EventCountry "GRE"]
[SourceTitle "playchess.com"]
[Source "ChessBase"]
[SourceQuality "1"]

{[%evp 9,57,18,18,11,33,28,40,15,19,6,15,0,18,-75,19,10,10,14,25,20,24,22,13,12,12,-7,0,-11,0,0,0,0,0,0,18,15,176,172,0,0,0,0,0,0,0,0,0,0,0,0]} 1. Nf3 d5 2. g3 Nd7 3. d4 e6 4. c4 (4. Bg2 Ngf6 5. O-O b5 6. Qd3 Rb8 7. Ne5 Nxe5 8. dxe5 Nd7 9. e4 Nxe5 10. Qd4 Bd6 11. exd5 O-O 12. Nc3 exd5 13. Nxd5 {½-½ (52) Mamedyarov,S (2799)-Oparin,G (2602) Moscow 2017}) 4... dxc4 5. Bg2 Rb8 6. a4 {[%cal Ba2a4,Ba4a5][%mdl 32] D02: 1 d4 d5 2 Nf3 sidelines, including 2...Nf6 3 g3 and 2...Nf6 3 Bf4} a6 7. a5 {[%mdl 1024] White has compensation.} Bb4+ 8. Nc3 $146 {White is slightly better.} ({Predecessor:} 8. Bd2 Bd6 9. Na3 b5 10. axb6 Nxb6 11. O-O Bb7 12. Nxc4 Nxc4 {0-1 (63) Quintin Navarro,A (2355)-Gimenez Martinez,A (2184) Aragon 2016}) 8... Ne7 9. O-O O-O 10. Qa4 Nc6 11. Nd2 (11. Bf4 $11) 11... Qe7 ({Reject} 11... Bxa5 12. Bxc6 Bxc3 13. bxc3 $11) (11... e5 $17 12. e3 exd4 13. exd4 Nf6) 12. Bxc6 $11 bxc6 13. Qxc6 Bb7 14. Qxc4 c5 15. dxc5 Qxc5 16. Qxc5 Nxc5 17. Nc4 Nb3 18. Bf4 Rbc8 (18... Rbd8 {seems wilder.} 19. Rad1 Nxa5 20. Nd6 Rd7 21. Nxb7 Rxb7 22. Ne4 f6) 19. Nd6 Nxa1 20. Nxc8 Rxc8 21. Rxa1 Bxc3 22. bxc3 Rxc3 $2 {[%mdl 4096] [#] Endgame KRB-KRB} (22... Rc5 $11 {and Black is okay.}) 23. Rb1 $18 Bc8 $2 (23... g5 $18) 24. Rc1 {The position is equal.} (24. Kf1 {with more complications.} f6 25. Bd2 Rc2 26. Rb8 Kf7 27. Ke1) 24... Rxc1+ 25. Bxc1 Bd7 26. Bd2 Bc8 27. Bc1 Bd7 28. Bd2 Bc8 29. Bc1 {Accuracy: White = 67%, Black = 42%.} 1/2-1/2

[Event "69th GRE-ch 2019"]
[Site "Thessaloniki"]
[Date "2019.11.25"]
[Round "6.3"]
[White "Kanakaris, Georgios"]
[Black "Papadopoulos, Georgios"]
[Result "1-0"]
[WhiteElo "2395"]
[BlackElo "2378"]
[Annotator "TA"]
[PlyCount "53"]
[EventDate "2019.11.20"]
[EventType "tourn"]
[EventCountry "GRE"]
[SourceTitle "playchess.com"]
[Source "ChessBase"]
[SourceQuality "1"]

{[%evp 14,53,6,14,25,34,37,24,25,0,29,0,0,0,0,0,0,0,0,0,42,10,20,17,35,0,350,368,391,373,376,357,398,406,538,535,545,545,534,526,497,493]} 1. d4 Nf6 2. Nf3 g6 3. g3 Bg7 4. Bg2 O-O 5. O-O d6 6. b3 e5 7. dxe5 dxe5 8. Ba3 e4 $146 {A49: 1 d4 Nf6 2 Nf3 g6 3 g3: Anti-King's Indian systems} (8... Qxd1 9. Rxd1 Re8 10. c4 c6 11. Nc3 Na6 12. Rac1 Bh6 13. e3 Bf8 14. Bxf8 Kxf8 15. Rd6 Ke7 16. Rd2 {½-½ (28) Esipenko,A (2584)-Kovalev,V (2687) Wijk aan Zee 2019}) 9. Bxf8 Qxf8 10. Nd4 e3 {White has an edge.} 11. f3 Nc6 (11... c5 $5 12. Nb5 $8 Nc6 $14) 12. c3 Nd5 13. Nxc6 bxc6 14. Qd3 a5 15. f4 Ba6 16. Qc2 f5 17. Bf3 Rd8 18. a3 Qf6 19. Ra2 Nxc3 $2 {[%mdl 8192] [#]} (19... Nxf4 $1 $11 {and Black has nothing to worry.} 20. gxf4 Bh6) 20. Qxc3 $18 Qxc3 21. Nxc3 Bxc3 22. Rc2 Bd4 23. Rd1 Rd6 {If Black can now play ...c5 this consolidates a bit.} 24. Rxc6 {White is clearly winning.} Rxc6 25. Bxc6 Bf6 26. Kf1 Bc8 27. Rd5 {Accuracy: White = 70%, Black = 56%.} 1-0

[Event "69th GRE-ch 2019"]
[Site "Thessaloniki"]
[Date "2019.11.25"]
[Round "6.4"]
[White "Ioannidis, Evgenios"]
[Black "Kalogeris, Ioannis"]
[Result "0-1"]
[WhiteElo "2379"]
[BlackElo "2330"]
[Annotator "TA"]
[PlyCount "68"]
[EventDate "2019.11.20"]
[EventType "tourn"]
[EventCountry "GRE"]
[SourceTitle "playchess.com"]
[Source "ChessBase"]
[SourceQuality "1"]

{[%evp 13,72,-22,-2,-10,10,10,26,14,17,11,41,0,0,0,0,-22,-8,-58,-52,-62,-47,-66,0,-4,13,9,9,0,0,-14,-10,-12,-10,-12,-20,-165,-163,-163,-163,-165,-165,-165,-165,-160,-153,-193,-180,-460,-462,-441,-458,-458,-440,-450,-449,-580,-439,-822,-799,-772,-750]} 1. d4 Nf6 2. c4 e6 3. Nc3 Bb4 4. g3 O-O 5. Bg2 d5 6. Nf3 dxc4 7. O-O Nc6 8. Qa4 {E20: Nimzo-Indian: 4 g3 and 4 f3} Bd7 9. Bg5 a6 $146 ({Predecessor:} 9... a5 10. Bxf6 Qxf6 11. a3 Bxc3 12. bxc3 Qd8 13. Qxc4 a4 14. Nd2 Na5 15. Qb4 Ra7 {1-0 (30) Caruana,F (2822)-Karjakin,S (2773) Saint Louis 2018}) 10. Bxf6 {White has an edge.} gxf6 11. Qc2 b5 12. d5 Ne7 13. dxe6 fxe6 14. Rad1 Rb8 15. Rd4 e5 16. Rdd1 Qc8 17. Nh4 Bxc3 ({Better is} 17... Bg4 $15) 18. Qxc3 $11 Nf5 19. Nxf5 Bxf5 20. Qe3 Rf7 21. Qc5 Qf8 $36 {[%mdl 2048] Black has the initiative.} 22. Qa7 Rb6 23. Bd5 {[#] Threatens to win with Qxc7.} Be6 24. Qxb6 (24. Bxe6 $11 Rxe6 25. a4) 24... cxb6 $19 25. Bxe6 {Black must now prevent Rd7.} Qe7 26. Bxf7+ Kxf7 {[%mdl 4096] Endgame KQ-KRR} 27. Rd2 b4 {[%cal Bb5b4,Bb4c3][%mdl 32]} 28. Rfd1 {Hoping for Rd7.} Ke6 29. Rd8 {intending Rc8.} Qc5 30. Re8+ $2 (30. R8d2) 30... Kf7 {Black is clearly winning.} 31. Red8 {[#]} c3 $1 32. bxc3 bxc3 33. Rc1 b5 34. Kf1 Qc4 {Played: Qc5-a3} 0-1

[Event "69th GRE-ch 2019"]
[Site "Thessaloniki"]
[Date "2019.11.25"]
[Round "6.5"]
[White "Malikentzos, Sotirios"]
[Black "Koutoukidis, Panagiotis"]
[Result "0-1"]
[WhiteElo "2432"]
[BlackElo "2412"]
[Annotator "TA"]
[PlyCount "88"]
[EventDate "2019.11.20"]
[EventType "tourn"]
[EventCountry "GRE"]
[SourceTitle "playchess.com"]
[Source "ChessBase"]
[SourceQuality "1"]

{[%evp 12,88,9,2,19,8,0,0,11,15,22,16,3,13,2,8,29,0,29,0,98,10,27,9,11,15,23,0,0,-14,-2,-14,2,-31,-20,-72,-65,-75,-60,-91,-54,-59,-45,-41,-32,-75,-76,-57,-33,-48,-48,-38,-53,-106,-90,-185,-191,-194,-181,-232,-231,-212,-230,-218,-214,-518,-515,-432,-190,-2928,-2351,-5381,-5206,-29990,-29991,-29991,-29992,-29992,-29993]} 1. Nf3 Nf6 2. g3 d5 3. Bg2 e6 4. O-O Be7 5. c4 O-O 6. b3 d4 7. e3 c5 {A14: English Opening: 1...e6 with b3 by White} 8. Ne5 Qc7 9. f4 Nbd7 $146 {The position is equal.} ({Predecessor:} 9... Nfd7 10. Nf3 Nc6 11. Na3 a6 12. exd4 cxd4 13. d3 b5 14. Bb2 Qb6 15. Kh1 {½-½ (30) Ding,L (2809)-Giri,A (2797) Shenzhen 2019}) 10. Nd3 e5 11. Bb2 Bd6 12. Na3 {aiming for Nb5.} a6 $1 13. Nc2 Re8 14. Kh1 Qd8 15. Nf2 Nf8 (15... h5 $11) 16. b4 (16. fxe5 $16 Bxe5 17. exd4 cxd4 18. Nd3) 16... exf4 $11 17. exf4 Be6 18. d3 Qd7 19. bxc5 Bxc5 20. Qd2 Rab8 21. a4 b5 22. cxb5 axb5 23. a5 (23. axb5 $11 {keeps the balance.} Bd5 24. Ba3) 23... Bd5 $17 24. Rfe1 Bxg2+ 25. Kxg2 Qd5+ 26. Kg1 Rxe1+ 27. Qxe1 Re8 28. Qd2 h5 29. Re1 Rxe1+ 30. Qxe1 {next Qe5 is good for White.} Qb3 $36 {[%mdl 2048] Black has good play.} 31. Qc1 Qa4 32. Na1 (32. Ne1 $15 Qxa5 33. Qxc5 Qxe1+ 34. Kg2) 32... N8d7 33. Qd1 (33. Kf1 $17) 33... Qxa5 $19 34. Nb3 Qb4 35. Nxc5 (35. Bc1 $142) 35... Nxc5 ({Resist} 35... Qxb2 36. Nxd7 Nxd7 37. Qxh5 $17) 36. Qa1 {[#]} Nb3 $1 {[%cal Rb3a1]} 37. Qd1 Nd5 38. Ne4 $2 (38. Qe2 {was the crucial defense.} Ne3 39. Nd1) 38... Ne3 39. Qe2 Nc5 (39... Qa4 $142 {...Qa2 is the strong threat.} 40. Nd2 Nxd2 41. Qxd2 Qa2) 40. Ng5 $2 {[#]} (40. Qd2 Qxd2 41. Nxd2) 40... Nxd3 $1 {[%mdl 512]} 41. h3 (41. Qxd3 Qe1+) 41... Qxb2 42. Qf3 Qc1+ {Black mates.} 43. Kh2 Nf1+ 44. Kg2 Ne1+ {[%mdl 64] Double Attack. Accuracy: White = 34%, Black = 66%.} 0-1

[Event "69th GRE-ch 2019"]
[Site "Thessaloniki"]
[Date "2019.11.26"]
[Round "7.1"]
[White "Koutoukidis, Panagiotis"]
[Black "Giannoulakis, Lampros"]
[Result "1-0"]
[WhiteElo "2412"]
[BlackElo "2227"]
[Annotator "TA"]
[PlyCount "105"]
[EventDate "2019.11.20"]
[EventType "tourn"]
[EventCountry "GRE"]
[SourceTitle "playchess.com"]
[Source "ChessBase"]
[SourceQuality "1"]

{[%evp 11,105,5,16,15,20,27,20,20,23,18,17,20,21,21,28,23,32,28,24,14,30,33,38,34,47,29,53,54,66,33,40,29,37,37,36,7,11,0,24,18,29,24,32,18,41,27,37,34,45,42,58,54,58,66,67,43,73,73,92,91,104,100,174,177,170,157,187,113,102,81,164,164,571,561,5081,3722,5151,5421,4733,5061,4134,3350,1494,1518,1481,1464,1375,776,4670,2580,29974,29975,29971,12620,29986,29987]} 1. e4 c5 2. Nf3 d6 3. d4 cxd4 4. Qxd4 Nc6 5. Bb5 Bd7 6. Qd3 Nf6 $146 ({Predecessor:} 6... a6 7. Bxc6 Bxc6 8. c4 Nf6 9. Nc3 g6 10. O-O Bg7 11. h3 {1-0 (47) Alekseev,E (2710)-Lovkov,R (2461) St Petersburg 2013}) 7. c4 {B53: Sicilian: 2...d6: Lines with Qxd4} g6 8. Nc3 Bg7 9. O-O {The position is equal.} O-O 10. h3 a6 11. Bxc6 Bxc6 12. Nd4 Rc8 13. Be3 Nd7 14. Rac1 Nc5 15. Qc2 Bd7 16. Rfd1 Ne6 17. Nxe6 Bxe6 18. c5 Qa5 19. cxd6 exd6 20. Qd2 Rc6 21. Bd4 Rfc8 22. Bxg7 Kxg7 23. Qd4+ (23. f4 {is more complex.} f6 24. Qf2 b5 25. a3 Bb3 26. Rd2) 23... Qe5 24. a3 Qxd4 25. Rxd4 Kf8 26. Rcd1 Ke7 27. R1d2 f6 28. f4 b5 29. Kf2 Rb6 30. g4 a5 31. Ke3 Rcb8 32. f5 Bf7 33. h4 b4 34. axb4 axb4 35. Ne2 Rc8 36. g5 fxg5 (36... Rcc6 $16) 37. hxg5 $18 gxf5 38. exf5 Rc5 39. Kf4 (39. Ng3 $18) 39... b3 $16 40. f6+ Kd7 (40... Ke8 $16) 41. Re4 $18 {[#] aiming for Re7+.} Be6 $2 (41... Kc8 42. Rd1 Bg6) 42. Nd4 Rb4 43. Rxe6 Rxd4+ 44. Rxd4 Kxe6 {[%mdl 4096] Endgame KR-KR} 45. Re4+ Kf7 46. Re7+ Kg8 47. Rg7+ Kh8 48. Rb7 {[#] Intending Rb8+ and mate.} Kg8 49. Rxb3 Rc4+ 50. Kf5 Rc5+ 51. Ke6 Re5+ 52. Kxd6 Rxg5 53. Ke6 {Accuracy: White = 82%, Black = 34%.} 1-0

[Event "69th GRE-ch 2019"]
[Site "Thessaloniki"]
[Date "2019.11.26"]
[Round "7.2"]
[White "Kalogeris, Ioannis"]
[Black "Malikentzos, Sotirios"]
[Result "0-1"]
[WhiteElo "2330"]
[BlackElo "2432"]
[Annotator "TA"]
[PlyCount "62"]
[EventDate "2019.11.20"]
[EventType "tourn"]
[EventCountry "GRE"]
[SourceTitle "playchess.com"]
[Source "ChessBase"]
[SourceQuality "1"]

{[%evp 13,62,17,43,12,36,19,17,0,0,0,0,0,0,-74,-71,-69,-70,-62,-72,-70,-70,-68,-68,-79,0,0,0,-33,-41,-49,-26,-27,-25,-28,-29,-38,-24,-88,-88,-89,-99,-121,-82,-104,-121,-108,-99,-581,-574,-567,-564]} 1. e4 c6 2. d4 d5 3. e5 Bf5 4. Nf3 e6 5. Be2 c5 6. Be3 Qb6 7. Nc3 {[%cal Bb1c3,Bc3b5,Bb5c7][%mdl 32]} Nc6 8. O-O {B12: Caro-Kann: Advance Variation} Qxb2 9. Nb5 {aiming for Nc7+.} (9. Qe1 cxd4 10. Bxd4 Nxd4 11. Nxd4 Bb4 12. Ndb5 Ba5 13. Rb1 Qxc2 14. Rb3 Ne7 15. Nd6+ Kf8 16. Nxb7 {0-1 (52) Jakovenko,D (2704)-Inarkiev,E (2682) Izhevsk 2019}) 9... c4 10. Nc7+ {[%mdl 64] Double Attack. The position is equal.} Kd7 11. Nxa8 {Black must now prevent Rb1.} Bxc2 12. Qc1 Ba3 13. Rb1 $146 (13. Ne1 $1 $11 {remains equal.} Bf5 14. Qd1) ({Predecessor:} 13. Qxb2 Bxb2 14. Rfb1 Bxb1 {0-1 (43) Leveille,F (2281)-Turcotte,J (2012) Montreal 2016}) 13... Bxb1 $17 14. Qxb2 Bxb2 15. Rxb1 c3 16. Bc1 Nge7 17. Bxb2 cxb2 18. Rxb2 Kc8 ({Black should try} 18... Rb8 $17) 19. Ng5 $11 Nd8 20. f4 h6 21. Nf3 Kb8 22. Nb6 $1 {[%cal Rb6d7]} axb6 23. Rxb6 Ndc6 24. Bd3 Kc7 25. Rb2 (25. Rb3 $1 $11) 25... Ra8 $17 26. Kf2 Ra3 $36 {[%mdl 2048] Black is really pushing.} 27. Ke2 Nc8 28. Bb5 N8a7 29. Bd3 {[#]} b5 $1 {[%mdl 512]} 30. Bxb5 $2 {[%mdl 8192]} (30. f5 $17) 30... Nxb5 $19 31. Rxb5 {[#]} Rxf3 $1 {[%mdl 576] Remove Defender. Accuracy: White = 30%, Black = 82%.} 0-1

[Event "69th GRE-ch 2019"]
[Site "Thessaloniki"]
[Date "2019.11.26"]
[Round "7.3"]
[White "Papadopoulos, Georgios"]
[Black "Ioannidis, Evgenios"]
[Result "0-1"]
[WhiteElo "2378"]
[BlackElo "2379"]
[Annotator "TA"]
[PlyCount "80"]
[EventDate "2019.11.20"]
[EventType "tourn"]
[EventCountry "GRE"]
[SourceTitle "playchess.com"]
[Source "ChessBase"]
[SourceQuality "1"]

{[%evp 9,80,9,23,15,16,4,9,7,18,12,8,5,40,50,37,45,39,35,50,0,0,0,0,0,133,100,259,269,268,256,261,254,229,253,260,263,264,255,181,120,122,138,158,7,10,0,12,5,82,-244,-233,-236,-219,-243,-237,-236,-212,-290,-289,-756,-752,-672,-646,-752,-508,-489,-433,-4938,-1206,-5860,-1727,-29977,-29977]} 1. d4 Nf6 2. c4 e6 3. Nc3 Bb4 4. e3 d5 5. a3 Be7 6. cxd5 {E40: Nimzo-Indian: Rubinstein (4 e3): Unusual Black 4th moves} (6. Nf3 O-O 7. Qc2 Nbd7 8. b4 c6 9. Bb2 dxc4 10. Bxc4 a5 11. bxa5 Rxa5 12. O-O b6 13. Ne2 Bb7 14. a4 Qa8 15. Bc3 {0-1 (49) Korobov,A (2698)-Dubov,D (2703) St Petersburg 2018}) 6... exd5 7. Bd3 O-O 8. Nge2 {The position is equal.} b6 9. b4 {[%cal Bb2b4,Bb4b5][%mdl 32]} c6 10. O-O a5 11. b5 c5 12. Nf4 $146 ({Predecessor:} 12. dxc5 bxc5 13. Nf4 Bb7 14. Qf3 Qd7 {½-½ (38) Nava Baro,E (2113)-Krovel Velle,T (1919) IECG email 2000}) 12... Bb7 13. Qf3 $36 {[%mdl 2048] White is more active.} Bd6 14. Kh1 {[%cal Rf4d5]} Nbd7 15. Bb2 {[%cal Rf4d5]} cxd4 16. exd4 {[%cal Rf4d5]} Ne4 (16... Re8 $11) 17. Ncxd5 $16 Nd2 $2 {[#]} (17... Ng5 $16 18. Qg4 Re8) 18. Qh3 $1 $18 {[%csl Gd3][%cal Rh3h7][%mdl 512]} g6 {[#]} 19. Qxd7 $1 {[%mdl 576] Remove Defender, Deflection, Decoy} Qxd7 20. Nf6+ {[%mdl 64] Double Attack} Kg7 21. Nxd7 {Hoping for d5+.} Nxf1 22. d5+ (22. Rxf1 Bxf4 23. d5+ (23. Nxf8 Kxf8 24. Kg1 Rc8 $11) (23. Nxb6 Rad8 $14) 23... f6 $16) (22. Nxf8 Kxf8 23. Nxg6+ (23. Rxf1 Bxf4 24. Kg1 Rc8 $11) 23... hxg6 $16) (22. Nxb6 Rad8 $16) 22... Kh6 23. Ne2 (23. Rxf1 Bxf4 24. Nxf8 Rxf8 $16) 23... Nxh2 24. f3 (24. Nxf8 Ng4 $14) (24. Nf6 $18) 24... Rfe8 {and if ...Rad8 works, Black does fine.} 25. Nxb6 Rad8 26. Bf6 $2 (26. Bd4 $1 $16) 26... Bc7 $11 {aiming for ...Rd6.} 27. Bxd8 Rxd8 28. Nc4 {Threatens to win with b6.} Rxd5 (28... Bxd5 $11 {keeps the balance.} 29. b6 Bb8) 29. Be4 $2 {[%mdl 8192]} (29. b6 $16 {is necessary to keep the advantage.} Bb8 30. Rd1 (30. Be4 Rh5 $14)) 29... Rh5 $19 {[%cal Rh2f3]} ({Weaker is} 29... Rxb5 30. Bxb7 Rxb7 31. Rd1 $11) 30. Kg1 {[#]} Bxe4 $1 31. b6 {[#]} Nxf3+ $1 32. gxf3 Bh2+ ({And not} 32... Bxf3 33. bxc7 Rc5 34. Nd6 $11) 33. Kg2 Bd3 $1 {[%csl LRc4,LRe2]} 34. Rh1 $2 (34. Ne3 Bxe2 35. Re1) 34... Bb8 ({Not} 34... Bxc4 35. Rxh2 Rxh2+ 36. Kxh2 $16) 35. Rxh5+ gxh5 36. Nxa5 {And now Nd4 would win.} Bxe2 37. Nc6 Bf4 {...h4 is the strong threat.} 38. a4 (38. b7 $142 Bb5 39. b8=Q Bxb8 40. Nxb8) 38... Ba6 39. a5 Bd6 40. f4 {[#]} Bb7 $1 {Accuracy: White = 45%, Black = 55%.} 0-1

[Event "69th GRE-ch 2019"]
[Site "Thessaloniki"]
[Date "2019.11.26"]
[Round "7.4"]
[White "Mitsis, Georgios"]
[Black "Kanakaris, Georgios"]
[Result "0-1"]
[WhiteElo "2348"]
[BlackElo "2395"]
[Annotator "TA"]
[PlyCount "104"]
[EventDate "2019.11.20"]
[EventType "tourn"]
[EventCountry "GRE"]
[SourceTitle "playchess.com"]
[Source "ChessBase"]
[SourceQuality "1"]

{[%evp 18,104,52,34,56,49,50,52,45,45,45,45,49,52,58,49,56,43,48,48,66,36,76,95,90,43,56,57,66,69,58,68,106,103,102,111,95,112,112,105,104,84,93,64,123,-27,93,92,73,0,0,0,0,0,0,0,62,71,182,0,0,0,171,157,471,515,547,540,533,510,466,60,33,-1679,-1654,-1666,992,-1598,-1563,-1454,-1369,-29987,-29978,-29978,-29977,-6227,-6203,-29994,-29991]} 1. d4 Nf6 2. c4 g6 3. Nc3 Bg7 4. e4 d6 5. Nf3 O-O 6. Be2 e5 7. d5 a5 8. Bg5 Na6 9. Nd2 Qe8 10. O-O Nd7 {E92: King's Indian: Classical: 6 Be2 e5: 7 dxe5, 7 Be3 and Petrosian System without 7...Nbd7} 11. a3 f6 (11... Nb6 12. b3 Bd7 13. Rb1 c5 14. dxc6 bxc6 15. b4 axb4 16. axb4 Nc7 17. c5 dxc5 18. bxc5 {½-½ (38) Nakamura,H (2786)-Grigoriants,S (2576) chess.com INT 2017}) 12. Be3 f5 {White is slightly better.} 13. f3 f4 14. Bf2 g5 15. b4 {[%cal Bb2b4,Bb4b5][%mdl 32]} Rf6 16. c5 Rh6 17. Re1 $146 ({Predecessor:} 17. g4 fxg3 18. Bxg3 {0-1 (32) Guggenberger,G (1979)-Lang,T (2330) Lambsheim 2017}) 17... dxc5 (17... axb4 $2 18. axb4 Qh5 19. Nf1 $18) 18. b5 Nab8 19. d6 $36 {[%mdl 2048] White has the initiative.} cxd6 20. Nc4 Bf8 21. Nd5 {[%mdl 1024] White has strong compensation.} Qd8 22. Qb3 {Threatens to win with Nxe5!} Kg7 23. Rad1 b6 24. Rd2 Bb7 25. Nc3 Ra7 26. Red1 Qc7 27. Rd3 Be7 28. Na4 $1 Bc8 29. R1d2 Rb7 30. Nc3 Nf6 (30... Bf8 $1 $14) 31. Nxd6 (31. Rxd6 $1 $16 Bxd6 32. Nxd6) 31... Bxd6 (31... c4 $1 $11 {remains equal.} 32. Qxc4 Bxd6 33. Rxd6 Qxc4 34. Bxc4 Rc7 35. Bxb6 Rxc4 36. Bxa5 g4) 32. Rxd6 $16 Qe7 33. Qd1 (33. Bc4 $16) 33... Be6 $11 34. Na4 Nbd7 35. Qc2 Qf7 {White must now prevent ...Bb3.} 36. Qc3 Ne8 ({Black should try} 36... g4 $1 $11) 37. Rc6 $14 {Rxd7! is the strong threat.} Nef6 (37... Rf6 $16) 38. Bf1 $2 (38. h3 $1 $18) 38... g4 $1 $11 {[%cal Rg4g3] aiming for ...g3!} (38... Qh5 $6 39. h3 $16) 39. Rdd6 g3 $2 (39... Qh5 $11 {and Black is okay.} 40. h3 gxh3 41. Rxe6 hxg2 42. Bxg2 Qh2+ 43. Kf1 Rg6 44. Re7+ Kh6) 40. Rxe6 $18 ({Not} 40. Bxg3 fxg3 41. hxg3 Bb3 $17) 40... Rxh2 $2 ({Of course not} 40... gxf2+ $6 41. Kxf2 Nxe4+ 42. fxe4 $11) (40... Nxe4 $16 {is tougher.} 41. fxe4 gxf2+ 42. Kxf2 Rxe6) 41. Bxg3 (41. Be1 $2 {is a self mate.} Rh1+ $1 {[%mdl 512]} 42. Kxh1 Qh5+ 43. Kg1 Qh2#) 41... fxg3 42. Bc4 $1 Nxe4 43. Qe3 Ndf6 44. Rxe5 $2 ({White has to play} 44. fxe4 $18 Qh5 45. Qxg3+ {[%mdl 64] Double Attack} Ng4 46. Kf1) 44... Qxc4 $14 {[#]} 45. fxe4 $4 {[%mdl 8192] [#]} (45. Rg5+ $1 $14 {[%mdl 512]} Kf7 (45... Nxg5 46. Qxg5+) 46. fxe4) 45... Rh1+ $3 $19 {[%mdl 576] Deflection, Decoy} 46. Kxh1 Qf1+ 47. Qg1 {[#]} Qf4 $1 {[%mdl 576] Double Attack} 48. Qe1 Qxe5 49. Nc3 Rf7 50. Kg1 Qd4+ 51. Kh1 Ng4 {( -> ...Qd8)} 52. Nd1 {[#]} Qd2 {Played: Qd4xd1} 0-1